Informe de Práctica Supervisada realizado en la Clínica Especialidades Odontológicas Dr. Juan Carlos Coto (Registro nro. 6771)
[ vista simple ]
| 000 -LEADER | |
|---|---|
| fixed length control field | 00488nmm a22001697a 4500 |
| 005 - DATE AND TIME OF LATEST TRANSACTION | |
| control field | 20160211144808.0 |
| 008 - FIXED-LENGTH DATA ELEMENTS--GENERAL INFORMATION | |
| fixed length control field | 150728b xxu||||| |||| 00| 0 spa d |
| 041 ## - LANGUAGE CODE | |
| Language code of text/sound track or separate title | spa |
| 082 ## - DEWEY DECIMAL CLASSIFICATION NUMBER | |
| Classification number | MD 102 |
| 100 ## - MAIN ENTRY--AUTHOR NAME | |
| Personal name | Pérez Chacón, Diana |
| 245 ## - TITLE STATEMENT | |
| Title | Informe de Práctica Supervisada realizado en la Clínica Especialidades Odontológicas Dr. Juan Carlos Coto |
| 260 ## - PUBLICATION, DISTRIBUTION, ETC. (IMPRINT) | |
| Year of publication | 2012 |
| 650 ## - SUBJECT ADDED ENTRY--TOPICAL TERM | |
| Topical Term | COSTA RICA |
| 650 ## - SUBJECT ADDED ENTRY--TOPICAL TERM | |
| Topical Term | MECANICA DENTAL |
| 650 ## - SUBJECT ADDED ENTRY--TOPICAL TERM | |
| Topical Term | ORTODONCIA |
| 942 ## - ADDED ENTRY ELEMENTS (KOHA) | |
| Tipo de ítem | Informe de Práctica |
| Withdrawn status | Estado | Estado físico | Not for loan | Precio de compra | Total Checkouts | Clasificación | Número de inscripción | Date last seen | Tipo de ítem | Price effective from |
|---|---|---|---|---|---|---|---|---|---|---|
| 62720.00 | MD 102 | MD102-A | 11/02/2016 | Informe de Práctica | ||||||
| 62720.00 | MD 102 | MD102-B | 30/06/2022 | Informe de Práctica | 30/06/2022 |